Elektronický diferenciál pre model malého elektrického vozidla

Saved in:
Bibliographic Details
Main Author: Tatara, Roman (Author)
Other Authors: Bucz, Štefan (Thesis advisor)
Format: Manuscript Book
Language:Slovak
Published: 2017
Subjects:
Online Access:http://is.stuba.sk/zp/portal_zp.pl?podrobnosti=125243
Tags: Add Tag
No Tags, Be the first to tag this record!

MARC

LEADER 00000ntm a22000003a 4500
001 stuzp61288
003 SK-STU
005 20170710121918.0
007 ta
008 150427s2015----xo-----f-mn---000-0-slo-d
040 |a STU  |b slo 
041 0 |a slo 
044 |a xo 
100 1 |a Tatara, Roman  |u 030400  |4 aut  |U FEI Fakulta elektrotechniky a informatiky  |T FEI Ústav automobilovej mechatroniky  |X 72721  |U E400  |Y 642  |7 72721 
242 0 1 |a Electronic differential for small electric vehicle  |y eng 
245 1 0 |a Elektronický diferenciál pre model malého elektrického vozidla 
260 |c 2017 
300 |a 61 s.,  |b CD-ROM 
650 4 |a DTFC  |2 slo 
650 4 |a BLDC  |2 slo 
650 4 |a electronic differential  |2 slo 
650 4 |a BLDC  |2 eng 
650 4 |a DTFC  |2 eng 
650 4 |a electronic differential  |2 eng 
700 1 |a Bucz, Štefan  |4 ths  |X 17719  |7 A000017719 
856 4 |u http://is.stuba.sk/zp/portal_zp.pl?podrobnosti=125243 
996 |b 284ER02306  |c E*Bc- 2306  |l EE30  |s P  |a 0  |w stuzp61288_0001